000 00258pam a2200121 a 4500
020 _c
041 _aeng
100 _aWeke John.
245 _aHuman Understanding
_hTextual Documents
260 _a[s.l]:
_bGeorge Routedge
300 _a624p.
930 _a15288
999 _c92188
_d92188